000 01146cam a2200229 4500
001 ##L135641
008 061121n2006 000 0 eng u
035 _a(Sirsi) u135641
041 0 _aeng
050 0 4 _a333.33 $2 18
110 2 _aSavills
_92020
245 0 0 _aSavills UK commercial development activity PMI
_bNovember 2006
260 _aLondon
_bSavills
_c2006
490 0 _aSavills UK Commercial Development Activity PMI
_vNovember 2006
520 _aLevels of commercial development activity reached a seven month high, with the total commercial activity index rising to 61 in October 2006, up from 59.3 in September 2006. Private sector activity was the main instigator of growth, although growth in public sector new build activity also accelerated. Developers remain optimistic about growth in all sectors over the next three months.
590 _aKA
650 2 4 _aSAVILLS UK COMMERCIAL DEVELOPMENT ACTIVITY PMI
651 4 _aUnited Kingdom
_y
690 _aPROPERTY-COMMERCIAL PROPERTY-COMMERCIAL PROPERTY DEVELOPMENT
856 4 0 _uhttps://www.savills.co.uk
_zView the item free of charge at www.savills.co.uk...
942 _n0
999 _c106125
_d106125